00655nab a2200205 uc450000100070000000500170000700800410002403500110006503500210007604000130009704100080011010000390011824500650015765000460022265000320026865000280030077300940032894200100042299900170043212425220240220085548.0970411e19960701 spa  a124252 a(OCoLC)819750740 ccomduadb aspa10aKreft, Heeinrich4auteaut948890713aEl desarrollo de Centroamerica desde una perspectiva alemana 7aCooperación internacional2armarc91823 7aProceso de paz2lemb957941 aAmérica Central946960 tContribuciones (Buenos Aires)gVol.13,No.03,Jul-Sep., p. 187-204w95819x0326-4068090464 cARIMP c66684d66684